00528nam a2200181Ia 450000500170000000800410001702000060005808200130006410000160007724500580009326000330015130000170018465000200020165000090022194200060023095200950023699900150033120240531010419.0240331s9999 xx 000 0 und d a  bAMEa340 aAmeen,A.H.G 4aThe quazi court procedure and practice cA.H.G. Ameen aColombobAl-Ameen Law Centre avi, 122 p ., aRole of a Quazi aLaws cL 001040708LaWERCLbWERCLcSSCd2024-03-31l0o 340 AMEp6386r2024-03-31w2024-03-31yL c3728d3728